000 00721nam a2200265Ia 4500
005 20251020182456.0
008 200515s9999 xx 000 0 und d
082 _a624.05/D61/1991
100 _aDelgado Contreras, Genaro
245 0 _aDiseño estructural de viviendas económicas
250 _a3a ed.
260 _aLima
260 _bCIENCIAS S.R. Ltda.
260 _c1991
300 _a185 p.
300 _btbl., graf., map.
500 _a1 ejemplar
520 _aTiene como finalidad dar la base para el diseño de viviendas de albañilería.
650 _aDISEÑO ESTRUCTURAL
650 _aESTRUCTURAS
650 _aVIVIENDAS
650 _aVIVIENDASDE BAJO COSTO
942 _cLIB
999 _c1020
_d1020